La problemática del asbesto en Chile

"Se cuenta que durante el 1700, un grupo de mercaderes, vendió a una congregación religiosa antiquísimas telas y maderas, ambas reliquias provenientes supuestamente de las ropas de Jesús y de la cruz en que fue crucificado. Para avalar la autenticidad de las piezas, los astutos mercaderes les prendi...

Full description

Bibliographic Details
Main Author: Suárez Hernández, Pamela
Other Authors: Reyes, Bernardo (profesor guía)
Format: Tesis
Language:Spanish
Published: Santiago, Chile: Universidad Academia de Humanismo Cristiano, 2000.
Subjects:
Online Access:Disponible en línea (PDF). Biblioteca Digital UAHC

MARC

LEADER 00000cam a2200000 a 4500
001 046648
003 UAHC_CL
005 20211103122548.0
008 010822b cl 000 spa
040 |a UAHC_CL  |c UAHC_CL  |d UAHC_CL 
100 |a Suárez Hernández, Pamela  |9 12172 
245 1 3 |a La problemática del asbesto en Chile  |c Pamela Suárez Hernández. 
260 |a Santiago, Chile:  |b Universidad Academia de Humanismo Cristiano,  |c 2000. 
300 |a 182 p. 
500 |a Tesis para optar al título de periodista y al grado académico de Licenciado en Comunicación Social.  
520 |a "Se cuenta que durante el 1700, un grupo de mercaderes, vendió a una congregación religiosa antiquísimas telas y maderas, ambas reliquias provenientes supuestamente de las ropas de Jesús y de la cruz en que fue crucificado. Para avalar la autenticidad de las piezas, los astutos mercaderes les prendieron fuego, ante la atónita mirada de los clérigos, ninguno de estos objetos sufrió alteración alguna." Aunque tal prueba fue suficiente para dar credibilidad a la compra, el asunto no paso de ser una estafa, ya que tanto la tela como la madera estaban hechas de asbesto. Descrito por primera vez por un discípulo de Aristóteles en el 300 antes de Cristo, se trata de un mineral fibroso, al que por décadas se le atribuyeron características casi mágicas. Amianto, como le llamó a este mineral, en el año 50 antes de Cristo, el pensador griego Dioscórides. Esta fue la designación más utilizada, hasta mediados del siglo XVII, cuando fue reemplazado por el de Asbesto. Aunque, algunos autores coinciden en señalar que dicho nombre fue introducido por Plinio Segundo, en el año 77 antes de Cristo. Esta denominación, es el nombre genérico proveniente de un grupo de seis minerales: la amosita, crisotilo, tremolita, actinolita, antofilita y crocidolita. 
650 0 |a Asbestosis  |9 12175 
650 0 |a Enfermedades ambientales   |9 12173  |z Chile 
700 |a Reyes, Bernardo   |9 12174  |e profesor guía  
856 |u http://bibliotecadigital.academia.cl/xmlui/handle/123456789/5538  |y Disponible en línea (PDF). Biblioteca Digital UAHC 
900 |a TPERIO 16 
942 |c TS 
952 |0 0  |1 0  |4 0  |6 TPERIO_16_000000000000000  |7 0  |8 COMP  |9 84503  |a BC  |b BC  |c Hemeroteca  |d 2017-08-03  |l 0  |o TPERIO 16  |p 1315115  |r 2019-01-15 00:00:00  |t c. 1  |w 2017-08-03  |y BK 
999 |c 46648  |d 46648